000 00676nam a2200193Ii 4500
003 JO-AjNU
008 230605s9999||||xx |||||||||||||| ||und||
040 _aJO-AjNU
_bara
_erda
_cJO-AjNU
041 _aara
050 1 4 _aQP303.S4 1975
100 3 _aالشيخ ، محمد يوسف,
_eauthor
_97762
245 0 0 _aالميكانيكا الحيوية وعلم الحركة للتمارين الرياضية
264 3 1 _aالقاهرة:دار المعارف ، 1975
300 _a292ص
336 _atext
_btxt
_2rdacontent
337 _aunmediated
_bn
_2rdamedia
338 _avolume
_bnc
_2rdacarrier
650 4 _aميكانيكا حيوية - تمارين رياضية
_97763
999 _aA444
_c4012
_d4012